000 00660nam a2200265Ia 4500
005 20260121165732.0
008 008 260114s9999 xx 000 0 eng d
020 _a9783319270135
037 _aEBOOK
040 _aCRL
040 _beng
040 _cCRL
041 _2eng
041 _aeng
084 _qCRL
100 _aMichael C. Gao, Jien-Wei Yeh, Peter K. Liaw, Yong Zhang
_91055388
245 0 _aHigh-Entropy Alloys
260 _bSpringer
260 _bSpringer
260 _c2016
856 _uhttps://link.springer.com/openurl?genre=book&isbn=978-3-319-27013-5
942 _cEBOOK
999 _c1621116
_d1621116